Cores mais comuns em bandeiras de países - Statistics

Estatísticas Gerais
  • Esse quiz foi jogado 197 vezes
  • A pontuação média é 7 de 7
Estatísticas das Respostas
Frequência Cor % Correto
53.1% Azul
100%
45.3% Verde
100%
77.1% Vermelho
100%
46.3% Amarelo
99%
72.9% Branco
99%
30.3% Preto
98%
6.7% Laranja
89%
Nenhum quiz correspondente encontrado
Distribuição das Pontuações
Porcentagem de Pessoas com Cada Pontuação
Percentil de Números Respondidos
Sua Pontuação Histórica
Você não jogou esse quiz